Dynamics of adolescent adjustment.

Bibliographic Details
Main Author: Staton, Thomas F. (Thomas Felix), 1917-
Format: Book
Language:English
Published: New York : Macmillan, [1963]
Subjects:

MARC

Tag First Indicator Second Indicator Subfields
LEADER 00000cam a2200000 4500
001 in00000052012
005 20151007080246.0
008 741111s1963 eng u
010 |a  63007397  
035 |a (OCoLC)01071294 
035 |9 AAF4508AM 
040 |c CSU  |d TXA  |d UtOrBLW 
049 |a TXAM  |c 1 [408586]  |c 2 [428943] 
050 0 |a BF724  |b .S74 
082 0 |a 136.7354 
090 |a BF724  |b .S74 1963 
092 |a 155.5  |b S797d 
100 1 |a Staton, Thomas F.  |q (Thomas Felix),  |d 1917- 
245 1 0 |a Dynamics of adolescent adjustment. 
264 1 |a New York :  |b Macmillan,  |c [1963] 
300 |a 532 pages :  |b illustrations ;  |c 25 cm. 
336 |a text  |b txt  |2 rdacontent 
337 |a unmediated  |b n  |2 rdamedia 
338 |a volume  |b nc  |2 rdacarrier 
650 0 |a Adolescence. 
999 |a MARS 
999 f f |s 0d0bffd7-db6f-33a6-8667-d14b8eaab7fa  |i 2644051b-6c52-3c23-af0f-77b05ac49955  |t 0 
952 f f |p ric  |a Texas A&M University  |b Rellis Campus  |c Joint Library Facility  |d Remote Storage  |t 0  |e BF724 .S74 1963  |h Library of Congress classification  |i unmediated -- volume  |m A14800527651 
998 f f |a BF724 .S74 1963  |t 0  |l Remote Storage